书目信息 |
| 题名: |
全国勘察设计注册公用设备工程师(给水排水)执业资格考试辅导教材及典型题解(含真题)
|
|
| 作者: | 魏文彪 主编 ;执业资格考试命题研究中心 编 | |
| 分册: | 下册 专业考试 | |
| 出版信息: | 南京 江苏科学技术出版社 2014 |
|
| 页数: | 2册(1115页) | |
| 开本: | 26cm | |
| 丛书名: | ||
| 单 册: | ||
| 中图分类: | TU991 | |
| 科图分类: | ||
| 主题词: | 给排水系统 , 给排水系统--资格考试--自学参考资料 | |
| 电子资源: | ||
| ISBN: | 978-7-5537-2182-8 | |
| 000 | 01396nam0 2200277 450 | |
| 001 | 140787 | |
| 005 | 20140929140828.04 | |
| 010 | @a978-7-5537-2182-8@dCNY 79.00 | |
| 100 | @a20140610d2014 em y0chiy50 ea | |
| 101 | 0 | @achi |
| 102 | @aCN@b320000 | |
| 105 | @ay zq 000yy | |
| 200 | 1 | @a全国勘察设计注册公用设备工程师(给水排水)执业资格考试辅导教材及典型题解(含真题)@Aquan guo kan cha she ji zhu ce gong yong she bei gong cheng shi(ji shui pai shui)zhi ye zi ge kao shi fu dao jiao cai ji dian xing ti jie(han zhen ti)@h下册@i专业考试@b专著@f执业资格考试命题研究中心编 |
| 210 | @a南京@c江苏科学技术出版社@d2014 | |
| 215 | @a2册(1115页)@d26cm | |
| 300 | @a含专业知识、专业案例 根据最新考试大纲编写 | |
| 314 | @a魏文彪主编 | |
| 330 | @a本书共分三章,主要内容包括:给水工程、排水工程、建筑给水排水工程。 | |
| 512 | 1 | @a2014全国勘察设计注册公用设备工程师(给水排水)执业资格考试辅导教材及典型题解(含真题)@i专业考试@A2014 quan guo kan cha she ji zhu ce gong yong she bei gong cheng shi(ji shui pai shui)zhi ye zi ge kao shi fu dao jiao cai ji dian xing ti jie(han zhen ti) |
| 606 | 0 | @a给排水系统 |
| 606 | 0 | @a给排水系统@x资格考试@j自学参考资料 |
| 690 | @aTU991@v5 | |
| 701 | 0 | @a魏文彪@Awei wen biao@c(建筑)@4主编 |
| 712 | 02 | @a执业资格考试命题研究中心@Azhi ye zi ge kao shi ming ti yan jiu zhong xin@4编 |
| 801 | 0 | @aCN@bZL@c20140929 |
| 905 | @a241430@dTU991@eZ473:2 | |
| 全国勘察设计注册公用设备工程师(给水排水)执业资格考试辅导教材及典型题解(含真题).下册.专业考试/执业资格考试命题研究中心编.-南京:江苏科学技术出版社,2014 |
| 2册(1115页);26cm |
| 含专业知识、专业案例 根据最新考试大纲编写 |
| ISBN 978-7-5537-2182-8:CNY 79.00 |
| 本书共分三章,主要内容包括:给水工程、排水工程、建筑给水排水工程。 |
| ● |
| 相关链接 |
|
|
|
正题名:全国勘察设计注册公用设备工程师(给水排水)
索取号:TU991/Z473:2
 
预约/预借
| 序号 | 登录号 | 条形码 | 馆藏地/架位号 | 状态 | 备注 |
| 1 | 0836254 | 208362546 | 市政与环境工程学院资料室/ [索取号:TU991/Z473:2] | 在馆 | |
| 2 | 0836255 | 208362555 | 建筑库201/201建筑库 127排2列2层/ [索取号:TU991/Z473:2] | 在馆 | |
| 3 | 0836256 | 208362564 | 市政与环境工程学院资料室/ [索取号:TU991/Z473:2] | 在馆 | |
| 4 | 0836257 | 208362573 | 建筑库201/201建筑库 127排2列2层/ [索取号:TU991/Z473:2] | 在馆 | |
| 5 | 0836258 | 208362582 | 建筑库201/201建筑库 127排2列2层/ [索取号:TU991/Z473:2] | 在馆 | |
| 6 | 0836259 | 208362591 | 建筑库201/201建筑库 127排2列2层/ [索取号:TU991/Z473:2] | 在馆 |